| 000 | 00820nam a2200265 a 4500 | ||
|---|---|---|---|
| 001 | 60773 | ||
| 003 | BD-RjUL | ||
| 005 | 20211209080900.0 | ||
| 008 | 170102b1979 enk||||| |||| 001 0 eng d | ||
| 020 | _a0395357136 | ||
| 035 | _a(BD-RjUL)60897 | ||
| 040 |
_aBD-RjUL _beng _cBD-RjUL _dBD-RjUL |
||
| 041 | _aeng | ||
| 082 |
_223 _a385.0973 _bSAD 1985 |
||
| 100 |
_aSampson, Roy J. _9180975 |
||
| 245 | 1 | 0 |
_aDomestic transportation : _bpractice, theory and policy / _cRoy J Sampson and Martin T Farris, Shrocck, David L. |
| 250 | _a5th ed. | ||
| 260 |
_aLondon : _bHoughton Mifflin, _cc1985 |
||
| 300 |
_axiv,640 p. : _bill. ; _c22 cm. |
||
| 500 | _aIncludes Index | ||
| 650 |
_aTransportation _vUnited States _9180976 |
||
| 700 |
_aFarris, Martin T. _9180977 |
||
| 700 |
_aShrocck, David L. _9181090 |
||
| 942 |
_2ddc _cBK |
||
| 999 |
_c60773 _d60773 |
||